Normal view
MARC view
- MS-MTS-18
Entry Topical Term
001 - CONTROL NUMBER
- control field: 84233
003 - CONTROL NUMBER IDENTIFIER
- control field: NUST
005 - DATE AND TIME OF LATEST TRANSACTION
- control field: 20211116145440.0
008 - FIXED-LENGTH DATA ELEMENTS
- fixed length control field: 211116|| aca||aabn | a|a d
040 ## - CATALOGING SOURCE
- Original cataloging agency: NUST
- Transcribing agency: NUST
150 ## - HEADING--TOPICAL TERM
- Topical term or geographic name entry element: MS-MTS-18
670 ## - SOURCE DATA FOUND
- Source citation: Work cat.: (NUST): Shayaan Saghir 84231, TH-SOF-1851-Design of a Dual-Axis Capacitive MEMS Accelerometer for Low Cross-Axis Sensitivity and Low Noise using SOIMUMPs Process, 2021.
